[Event "IRI-ch U16"]
[Site "Chess.com INT"]
[Date "2021.01.16"]
[Round "8"]
[White "Akbari, Danial"]
[Black "Nasiri, Mohammad Naeim"]
[Result "0-1"]
[WhiteElo "1191"]
[BlackElo "1436"]
[PlyCount "77"]
[EventDate "2021.01.16"]
[EventType "swiss"]
[EventRounds "11"]
[EventCountry "IRI"]
[SourceTitle "EXT 2022"]
[Source "ChessBase"]
[SourceDate "2021.10.06"]
[SourceVersion "1"]
[SourceVersionDate "2021.10.06"]
[SourceQuality "1"]

1. e4 e5 2. Nf3 Nc6 3. Nc3 Nf6 4. Bb5 Be7 5. Bxc6 dxc6 6. Nxe5 Nxe4 7. Nxe4 Qd5 8. 0-0 Qxe5 9. Re1 Be6 10. d4 Qf5 11. c3 0-0 12. Ng3 Qg6 13. Bf4 Bd6 14. Bxd6 cxd6 15. Qd2 Rae8 16. Re3 f5 17. Rf3 Bd5 18. Rf4 Qe6 19. b3 g5 20. Rf3 Bxf3 21. gxf3 h6 22. Kg2 d5 23. Nf1 f4 24. Qd3 Kg7 25. Nd2 Qe2 26. Qc2 h5 27. Qd1 Qxd1 28. Rxd1 Re2 29. Kf1 Rfe8 30. h3 Kf6 31. b4 Kf5 32. a3 g4 33. fxg4+ hxg4 34. hxg4+ Kxg4 35. Nb3 f3 36. Nc1 R2e7 37. Nd3 Rh8 38. Ne5+ Rxe5 39. dxe5 0-1